[Event "Gatineau Pentes U1600"]
[Site "Gatineau"]
[Date "2019.02.19"]
[Round "4"]
[White "Ethier, Valori"]
[Black "Bourbonnais, Luc"]
[Result "1/2-1/2"]
[WhiteElo "1413"]
[BlackElo "1418"]
[PlyCount "113"]
[EventDate "2019.01.22"]
[EventType "swiss"]
[EventRounds "5"]
[EventCountry "CAN"]
[SourceTitle "EXT 2022"]
[Source "ChessBase"]
[SourceDate "2021.10.06"]
[SourceVersion "1"]
[SourceVersionDate "2021.10.06"]
[SourceQuality "1"]

1. f4 d5 2. b3 Nf6 3. Bb2 c5 4. e3 g6 5. Nf3 Bg7 6. Bb5+ Bd7 7. Qe2 0-0 8. Ne5 Nc6 9. Bxc6 Bxc6 10. Nxc6 bxc6 11. 0-0 d4 12. e4 e5 13. d3 exf4 14. Rxf4 Nh5 15. Rf2 Bh6 16. Kh1 Qh4 17. Qf3 Be3 18. Rf1 Rae8 19. Na3 Bf4 20. Qh3 Qxh3 21. gxh3 Re5 22. Nc4 Rg5 23. Rg1 f6 24. h4 Rxg1+ 25. Rxg1 Ng7 26. Na5 Re8 27. Nxc6 Re6 28. Rf1 Bc7 29. Nxd4 cxd4 30. Bxd4 Be5 31. Be3 Kf7 32. a4 a6 33. Kg2 f5 34. d4 Bf6 35. e5 Bxh4 36. Bf4 Rc6 37. c4 Rb6 38. Rf3 Ne6 39. d5 Nd4 40. e6+ Nxe6 41. dxe6+ Rxe6 42. Re3 Rxe3 43. Bxe3 Ke6 44. h3 Ke5 45. Bh6 Be7 46. Kf3 Kd4 47. Bd2 h5 48. Ba5 Bd6 49. Bb6+ Bc5 50. a5 g5 51. b4 g4+ 52. hxg4 hxg4+ 53. Kg3 Kxc4 54. bxc5 Kb5 55. Kf4 Kc6 56. Ba7 Kb7 57. Bb6 1/2-1/2

[Event "Gatineau Premiers Flocons"]
[Site "Gatineau"]
[Date "2018.11.27"]
[Round "1"]
[White "Boutin, Michel"]
[Black "Bourbonnais, Luc"]
[Result "0-1"]
[WhiteElo "1179"]
[BlackElo "1426"]
[PlyCount "52"]
[EventDate "2018.11.27"]
[EventType "swiss"]
[EventRounds "4"]
[EventCountry "CAN"]
[SourceTitle "EXT 2022"]
[Source "ChessBase"]
[SourceDate "2021.10.06"]
[SourceVersion "1"]
[SourceVersionDate "2021.10.06"]
[SourceQuality "1"]

1. d4 Nf6 2. Nf3 g6 3. c3 Bg7 4. Nbd2 d5 5. e3 0-0 6. Be2 Bf5 7. 0-0 Nbd7 8. c4 c6 9. cxd5 cxd5 10. b3 Re8 11. Nb1 Ne4 12. Nh4 Nd6 13. Nc3 e5 14. Nxd5 Be4 15. dxe5 Nxe5 16. Nf3 Nxf3+ 17. Bxf3 Bxa1 18. Bxe4 Nxe4 19. f3 Nc3 20. Nxc3 Bxc3 21. Qc2 Rc8 22. Rd1 Bd2 23. Qb2 Bxe3+ 24. Bxe3 Qxd1+ 25. Kf2 Rc2+ 26. Qxc2 Qxc2+ 0-1

[Event "Gatineau Rentree Hull U1500"]
[Site "Gatineau"]
[Date "2018.10.09"]
[Round "5"]
[White "Bourbonnais, Luc"]
[Black "Fex, John"]
[Result "1-0"]
[WhiteElo "1350"]
[BlackElo "1382"]
[PlyCount "145"]
[EventDate "2018.09.11"]
[EventType "swiss"]
[EventRounds "5"]
[EventCountry "CAN"]
[SourceTitle "EXT 2022"]
[Source "ChessBase"]
[SourceDate "2021.10.06"]
[SourceVersion "1"]
[SourceVersionDate "2021.10.06"]
[SourceQuality "1"]

1. Nf3 Nc6 2. d4 d5 3. c4 e6 4. Nc3 Bb4 5. a3 Bxc3+ 6. bxc3 dxc4 7. e4 b5 8. a4 Ba6 9. axb5 Bxb5 10. Ba3 h6 11. Bc5 Nf6 12. Nd2 Nd7 13. Ba3 a5 14. Bxc4 Bxc4 15. Nxc4 Nf6 16. Qe2 Ne7 17. 0-0 0-0 18. Ne5 Re8 19. f4 Nd7 20. Nd3 f5 21. Bxe7 Qxe7 22. Ne5 Nxe5 23. fxe5 fxe4 24. Qxe4 Rf8 25. Qc6 Rxf1+ 26. Kxf1 Qf7+ 27. Qf3 Rb8 28. Qxf7+ Kxf7 29. Rxa5 Ke7 30. Ra1 Rf8+ 31. Ke2 Rf5 32. Ke3 Rh5 33. h3 g5 34. Rf1 Rh4 35. Rf6 g4 36. hxg4 Rxg4 37. Kf3 Rh4 38. Rg6 Rh5 39. Rg4 Rf5+ 40. Rf4 Rg5 41. g4 h5 42. gxh5 Rxh5 43. Ke4 Rh1 44. Kd3 Rh3+ 45. Kc4 Re3 46. Rf2 Rg3 47. Rc2 Re3 48. Kc5 Kd7 49. c4 Re4 50. Rg2 Rf4 51. Rg7+ Kd8 52. Rg8+ Kd7 53. Rg5 Re4 54. d5 Ke7 55. Kb5 Re2 56. Kc6 Rc2 57. d6+ cxd6 58. exd6+ Kf7 59. c5 Ra2 60. Kb6 Rb2+ 61. Kc7 Ra2 62. c6 Ra8 63. Rb5 Rf8 64. d7 Ke7 65. Rb8 Rxb8 66. Kxb8 Kd8 67. c7+ Kxd7 68. c8Q+ Kd6 69. Qc4 Ke7 70. Qe4 Kd6 71. Kb7 Ke7 72. Kc6 Kf6 73. Kd6 1-0

[Event "Gatineau Rentree Hull U1500"]
[Site "Gatineau"]
[Date "2018.09.18"]
[Round "2"]
[White "Arcand, Pierre"]
[Black "Bourbonnais, Luc"]
[Result "0-1"]
[WhiteElo "1140"]
[BlackElo "1350"]
[PlyCount "102"]
[EventDate "2018.09.11"]
[EventType "swiss"]
[EventRounds "5"]
[EventCountry "CAN"]
[SourceTitle "EXT 2022"]
[Source "ChessBase"]
[SourceDate "2021.10.06"]
[SourceVersion "1"]
[SourceVersionDate "2021.10.06"]
[SourceQuality "1"]

1. e4 e5 2. Nf3 Nc6 3. Nc3 Nf6 4. d3 Bb4 5. Bd2 0-0 6. Be2 Re8 7. 0-0 d6 8. h3 Be6 9. Nb5 Bxd2 10. Qxd2 Qd7 11. Ng5 a6 12. Nxe6 fxe6 13. Nc3 Nd4 14. Nb1 Rad8 15. c3 Nxe2+ 16. Qxe2 c5 17. Rd1 d5 18. Na3 Qf7 19. Nc2 d4 20. c4 Nh5 21. g3 Qg6 22. Kh2 Rf8 23. Rg1 Qf7 24. Raf1 Qf3 25. Qxf3 Rxf3 26. Ne1 Rf7 27. f3 b5 28. b3 bxc4 29. bxc4 Rb8 30. g4 Nf4 31. Rf2 g5 32. Rd2 Rfb7 33. Rf1 Rb1 34. Kg3 Rc1 35. Rh1 Rbb1 36. Kf2 a5 37. a3 Rb3 38. Rh2 Rbb1 39. Rh1 a4 40. Rf1 Nxh3+ 41. Kg3 Nf4 42. Kf2 Rc3 43. Nc2 Rxf1+ 44. Kxf1 Nxd3 45. Ke2 Nf4+ 46. Kf2 Rxc4 47. Kg3 Rc3 48. Rh2 d3 49. Ne1 c4 50. Rd2 Rxa3 51. Nc2 Ra2 0-1

[Event "Gatineau Automne"]
[Site "Gatineau"]
[Date "2017.11.07"]
[Round "2"]
[White "Renaud, Alexandre"]
[Black "Bourbonnais, Luc"]
[Result "0-1"]
[WhiteElo "1138"]
[BlackElo "1286"]
[PlyCount "78"]
[EventDate "2017.10.31"]
[EventType "swiss"]
[EventRounds "5"]
[EventCountry "CAN"]
[SourceTitle "EXT 2022"]
[Source "ChessBase"]
[SourceDate "2021.10.06"]
[SourceVersion "1"]
[SourceVersionDate "2021.10.06"]
[SourceQuality "1"]

1. d4 Nf6 2. c4 g6 3. e3 Bg7 4. Nf3 d5 5. Nc3 0-0 6. Bd3 dxc4 7. Bxc4 Bf5 8. Qb3 b6 9. Ne5 e6 10. Bb5 a6 11. Nc6 Qd6 12. Nxb8 Rfxb8 13. Be2 e5 14. dxe5 Qxe5 15. Bf3 Ne4 16. Qd5 Re8 17. Bxe4 Bxe4 18. Qxe4 Qa5 19. Qc2 Rad8 20. 0-0 Re5 21. Rd1 Rde8 22. a3 Rh5 23. b4 Qe5 24. h3 Qxc3 25. Qxc3 Bxc3 26. Ra2 Kf8 27. Rc2 Be5 28. Bb2 Bd6 29. Rcd2 b5 30. Rd5 Rxd5 31. Rxd5 Re4 32. Rd4 Rxd4 33. Bxd4 f5 34. g4 Kf7 35. f4 Ke6 36. Kf2 Kd5 37. gxf5 gxf5 38. Ke2 Bxf4 39. Kd3 Bg5 0-1

[Event "Gatineau Printemps-B"]
[Site "Gatineau"]
[Date "2017.04.04"]
[Round "3"]
[White "Bourbonnais, Luc"]
[Black "Berthiaume, Serge"]
[Result "0-1"]
[WhiteElo "1271"]
[BlackElo "1494"]
[PlyCount "74"]
[EventDate "2017.03.21"]
[EventType "swiss"]
[EventRounds "4"]
[EventCountry "CAN"]
[SourceTitle "EXT 2022"]
[Source "ChessBase"]
[SourceDate "2021.10.06"]
[SourceVersion "1"]
[SourceVersionDate "2021.10.06"]
[SourceQuality "1"]

1. e4 c5 2. Nf3 Nc6 3. d3 g6 4. Nc3 Bg7 5. Be3 d6 6. h3 Nf6 7. d4 cxd4 8. Nxd4 0-0 9. Qd2 d5 10. Nxc6 bxc6 11. Rd1 Bb7 12. Bh6 Re8 13. Bxg7 Kxg7 14. Qe3 Qb6 15. Qxb6 axb6 16. f3 e5 17. exd5 cxd5 18. Bb5 Re7 19. a4 Rc8 20. Rd2 d4 21. Na2 Nd5 22. 0-0 Ne3 23. Rc1 Bc6 24. Bxc6 Rxc6 25. b3 Nd5 26. c4 Ne3 27. Nb4 Rd6 28. c5 bxc5 29. Rxc5 f5 30. a5 e4 31. Kf2 Nc4 32. bxc4 e3+ 33. Ke2 exd2+ 34. Kxd2 Rb7 35. Nd3 Kf6 36. h4 Rb3 37. Re5 Rxd3+ 0-1

[Event "Gatineau Nez Rouge-B"]
[Site "Gatineau"]
[Date "2014.12.02"]
[Round "2"]
[White "Berthiaume, Serge"]
[Black "Bourbonnais, Luc"]
[Result "0-1"]
[WhiteElo "1437"]
[BlackElo "1324"]
[PlyCount "102"]
[EventDate "2014.11.25"]
[EventType "swiss"]
[EventRounds "4"]
[EventCountry "CAN"]
[SourceTitle "EXT 2016"]
[Source "ChessBase"]
[SourceDate "2015.10.08"]
[SourceVersion "1"]
[SourceVersionDate "2015.10.08"]
[SourceQuality "1"]

1. d4 Nf6 2. Nf3 g6 3. Bf4 Bg7 4. Nc3 d5 5. Qd2 0-0 6. 0-0-0 Bf5 7. Bh6 Nbd7 8. Bxg7 Kxg7 9. Nh4 e6 10. h3 h5 11. f3 Ne4 12. Nxf5+ exf5 13. fxe4 dxe4 14. e3 Nf6 15. Be2 c6 16. Rdg1 h4 17. g4 hxg3 18. Rxg3 Qd6 19. Rg5 Nh7 20. Rgg1 b5 21. h4 a5 22. Bf1 a4 23. Bh3 Kf6 24. d5 Rfe8 25. Rd1 b4 26. Ne2 c5 27. Nf4 a3 28. b3 g5 29. hxg5+ Nxg5 30. Nh5+ Kg6 31. Qg2 Qe5 32. Nf4+ Kf6 33. Nh5+ Kg6 34. Bxf5+ Kxf5 35. Rdf1+ Nf3 36. Qh3+ Kg5 37. Qg2+ Kf5 38. Ng7+ Kf6 39. Nxe8+ Rxe8 40. Rh6+ Ke7 41. d6+ Kd8 42. c3 Qxc3+ 43. Qc2 Qa1+ 44. Qb1 Qxb1+ 45. Kxb1 Nd2+ 46. Kc1 Nxf1 47. Rh3 Re5 48. Kd1 Rd5+ 49. Ke2 Nd2 50. Rh7 f5 51. Rf7 Nf3 0-1

[Event "Gatineau Loisirs-B"]
[Site "Gatineau"]
[Date "2014.10.21"]
[Round "1"]
[White "Bourbonnais, Luc"]
[Black "Lagace, Jean Pierre"]
[Result "1-0"]
[WhiteElo "1250"]
[BlackElo "1026"]
[PlyCount "57"]
[EventDate "2014.10.21"]
[EventType "swiss"]
[EventRounds "4"]
[EventCountry "CAN"]
[SourceTitle "EXT 2016"]
[Source "ChessBase"]
[SourceDate "2015.10.08"]
[SourceVersion "1"]
[SourceVersionDate "2015.10.08"]
[SourceQuality "1"]

1. e4 e6 2. d4 Nf6 3. Nc3 Nc6 4. Nf3 h6 5. Be3 Be7 6. Be2 d6 7. h3 b6 8. Qd2 Bb7 9. 0-0-0 0-0 10. g4 Nh7 11. h4 Qd7 12. g5 e5 13. dxe5 Qe6 14. gxh6 Qg4 15. hxg7 Qxg7 16. Rdg1 Ng5 17. Nxg5 Kh8 18. Nf3 Qh7 19. Ng5 Qg7 20. e6 Ne5 21. exf7 Nxf7 22. Ne6 Qe5 23. Nxf8 Rxf8 24. Bd4 Rg8 25. Rxg8+ Kxg8 26. Bxe5 Nxe5 27. Qh6 Kf7 28. Bh5+ Kg8 29. Rg1+ 1-0

[Event "Gatineau Benevoles-C"]
[Site "Gatineau"]
[Date "2014.09.30"]
[Round "4"]
[White "Bourbonnais, Luc"]
[Black "Lemieux, Denis"]
[Result "1/2-1/2"]
[WhiteElo "1221"]
[BlackElo "1475"]
[PlyCount "168"]
[EventDate "2014.09.09"]
[EventType "swiss"]
[EventRounds "5"]
[EventCountry "CAN"]
[SourceTitle "EXT 2016"]
[Source "ChessBase"]
[SourceDate "2015.10.08"]
[SourceVersion "1"]
[SourceVersionDate "2015.10.08"]
[SourceQuality "1"]

1. e4 c6 2. d3 d5 3. Nd2 Nf6 4. Ngf3 Qa5 5. e5 Ng8 6. g3 Bg4 7. Bg2 e6 8. 0-0 Nd7 9. Re1 Be7 10. Nb3 Qc7 11. d4 Rc8 12. Bf4 c5 13. c3 c4 14. Nbd2 h6 15. h3 Bf5 16. g4 Bh7 17. Rc1 b5 18. b4 Nb6 19. Nf1 Na4 20. Qd2 Bd8 21. Kh1 Ne7 22. Bg3 Nc6 23. Ng1 Be7 24. f4 Qd8 25. a3 Bh4 26. Nf3 Bxg3 27. Nxg3 Bd3 28. Nh5 Rg8 29. Rg1 Kd7 30. h4 Kc7 31. g5 Be4 32. Ng3 Bxf3 33. Bxf3 hxg5 34. fxg5 g6 35. Bd1 Nb6 36. Qf4 Qe7 37. Bc2 Rcf8 38. Rgf1 Nd7 39. a4 bxa4 40. Bxa4 Nb6 41. Bc2 Nd7 42. Ra1 Kb7 43. Ra2 a6 44. Rfa1 Ndb8 45. Kh2 Rh8 46. Ba4 Qd8 47. Kh3 Ne7 48. b5 Rxh4+ 49. Kxh4 Nf5+ 50. Nxf5 gxf5 51. bxa6+ Ka7 52. Qf3 Rh8+ 53. Kg3 Qxg5+ 54. Kf2 Rh2+ 55. Kf1 Rh4 56. Rg2 Qh6 57. Ke2 Re4+ 58. Kf2 Rf4 59. Rag1 Rxf3+ 60. Kxf3 Qh5+ 61. Ke3 Qh3+ 62. Rg3 Qh6+ 63. Rg5 Qh3+ 64. R5g3 f4+ 65. Kxf4 Qf5+ 66. Ke3 Qe4+ 67. Kd2 Qf4+ 68. Kc2 Nxa6 69. Kb2 Qd2+ 70. Ka3 Kb6 71. Be8 Nc7 72. R1g2 Qc1+ 73. Ka2 Ka5 74. Bxf7 Nb5 75. Bxe6 Ka4 76. Bd7 Qa3+ 77. Kb1 Qb3+ 78. Kc1 Qa3+ 79. Kd2 Ka5 80. Bxb5 Kxb5 81. e6 Qb2+ 82. Kd1 Qb1+ 83. Ke2 Qe4+ 84. Kf1 Qxe6 1/2-1/2